Word Ladder: Loaf Quiz Stats

 Plays Quiz Updated May 2, 2016

Challenge
Share
Tweet
Embed
Score 0/18 Timer 02:00
0 Plays Today
Clue 5-Letter Word % Correct
To pause work: take a _____BREAK
98.8%
• Loaf slice •• BREAD •
95.2%
To peek on a test, for exampleCHEAT
94.3%
Small streamCREEK
94.2%
Haunted house noiseCREAK
93.4%
Toothpaste brand or top of a waveCREST
92.8%
Treasure holderCHEST
91.9%
• Loaf rind •• CRUST •
90.3%
Teen infatuationCRUSH
89.8%
Clue 5-Letter Word % Correct
Stingy, penny-pinchingCHEAP
89.4%
Computer problemCRASH
88%
What titans or mismatching colors doCLASH
87.6%
Place for rougeCHEEK
87.1%
Aviary noiseCHEEP
84.3%
• Browned breakfast side •• TOAST •
82.6%
To toot one's own hornBOAST
78.4%
ExplosionBLAST
70.1%
Rock fragmentCLAST
65.1%

Today's Daily Dose

You're not logged in!

Compare scores with friends on all Sporcle quizzes.
Join for Free
OR
Log In

You Might Also Like...

Show Comments

Extras

Top Quizzes Today


Score Distribution

Your Account Isn't Verified!

In order to create a playlist on Sporcle, you need to verify the email address you used during registration. Go to your Sporcle Settings to finish the process.

Report this User

Report this user for behavior that violates our Community Guidelines.

Details: